Les 30 joueurs les + chers du LOSC - Statistiques

Statistiques générales
  • Ce quiz a été pris 258 fois
    100 depuis la dernière actualisation
  • Le résultat moyen est 19 sur 30
Statistiques - réponses
Saison Provenance Poste Valeur du transfert Pays Joueur % Correct
1 20/21 KAA Gent A 27 000 000 € Jonathan David
100%
2 19/20 Sporting de Charleroi A 22 400 000 € Victor Osimhen
94%
7 23/24 FC København A 15 000 000 € Hákon Arnar Haraldsson
88%
6 17/18 Angers SCO A 18 000 000 € Nicolas Pépé
88%
4 19/20 FC Bayern Munich M 20 000 000 € Renato Sanches
88%
5 19/20 Trabzonspor M 18 500 000 € Yusuf Yazıcı
84%
8 22/23 Clermont Foot 63 A 14 000 000 € Mohamed Bayo
83%
14 19/20 Paris Saint-Germain A 10 000 000 € Timothy Weah
83%
11 25/26 Rangers FC A 11 500 000 € Hamza Igamane
81%
26 21/22 FC Bâle 1893 A 7 000 000 € Edon Zhegrova
73%
3 18/19 Sporting CP A 20 200 000 € Rafael Leão
70%
22 19/20 Stade Rennais FC M 7 000 000 € Benjamin André
65%
28 23/24 Estoril Praia SAD D 6 500 000 € Tiago Santos
64%
15 24/25 KAA Gent A 10 000 000 € Matias Fernandez-Pardo
63%
30 25/26 Rosenborg BK A 6 000 000 € Marius Broholm
60%
19 24/25 SC Heerenveen A 8 000 000 € Osame Sahraoui
60%
13 12/13 FC Sochaux-Montbéliard M 10 000 000 € Marvin Martin
59%
9 17/18 Santos FC M 14 000 000 € Thiago Maia
59%
17 17/18 São Paulo FC M 9 000 000 € Thiago Mendes
58%
21 20/21 AFC Ajax D 8 000 000 € Sven Botman
57%
25 25/26 Gil Vicente FC A 7 000 000 € Félix Correia
56%
10 21/22 Hamburger SV M 13 570 000 € Amadou Onana
53%
12 17/18 São Paulo FC A 10 500 000 € Luiz Araújo
53%
29 19/20 HNK Hajduk Split D 6 500 000 € Domagoj Bradarić
49%
16 11/12 AS Saint-Étienne A 9 000 000 € Dimitri Payet
44%
27 09/10 Le Mans UC 72 A 6 500 000 € Gervinho
43%
20 11/12 Stade Brestois 29 A 8 000 000 € Nolan Roux
43%
24 08/09 Villareal CF M 7 000 000 € Rio Mavuba
36%
23 16/17 AFC Ajax A 7 000 000 € Anwar El Ghazi
35%
18 17/18 AS Saint-Étienne D 9 000 000 € Kévin Malcuit
32%
Aucun quiz correspondant
Distribution des résultats
% des personnes avec chaque résultat
Percentile par nombre de réponses
Votre historique - résultats
Vous n’avez pas pris ce quiz depuis la dernière actualisation